| 000 | 00659nam a22002177a 4500 | ||
|---|---|---|---|
| 999 |
_c4222 _d4222 |
||
| 003 | AR-CdUCM | ||
| 008 | 190308b ||||| |||| 00| 0 spa d | ||
| 040 |
_aMUNICIPALIDAD PROVINCIAL DEL CUSCO _cBIBLIOTECA MUNICIPAL DEL CUSCO |
||
| 041 | _hfr. | ||
| 082 |
_a828.916 / _bSA25 |
||
| 100 |
_aSartre, Jean Paul _9911 |
||
| 245 |
_aLos caminos de la libertad : _bLa edad de la razón / |
||
| 260 |
_aMexico : _bEdit. Diana, _c1963. |
||
| 300 |
_a437 paginas ; _c19 cm. |
||
| 505 | _aContenido :Novela / | ||
| 650 |
_aNovelas francesas _9571 |
||
| 650 |
_aSiglo XX _98 |
||
| 700 |
_aManuel R.Cardoso (traductor) _913368 |
||
| 942 |
_2ddc _cLIBROS |
||
| 945 | _arjall | ||